000 00494nam a2200169Ia 4500
003 IN-BaIIA
008 211028s9999 xx 000 0 eng d
040 _cIIA Library
080 _a535.33
_bBUR
100 _aBurakow, V. S.
_94551
245 0 _aPractical handbook on spectral analysis
_c V. S. Burakow
260 _aOxford
_bPergamon Press
_c1964
300 _axiv,190p.
650 _aNASA Thesaurus
650 _aSpectroscopy
_91535
942 _cBK
999 _c2558
_d2558